The 2010 Global education digest : comparing education statistics across the world.
| Format: | Book |
|---|---|
| Published: |
Quebec:
UNESCO Institute for statistics,
2010.
|
| Subjects: |
| LEADER | 00453cam a2200133 7i4500 | ||
|---|---|---|---|
| 001 | 0000026500 | ||
| 005 | 20110616090000.0 | ||
| 020 | 0 | 0 | |a 9789291890880 |
| 090 | 0 | 0 | |a I 302.43 |b GLO |
| 245 | 0 | 0 | |a The 2010 Global education digest : |b comparing education statistics across the world. |
| 260 | 0 | 0 | |a Quebec: |b UNESCO Institute for statistics, |c 2010. |
| 300 | # | # | |a 276p. |
| 650 | 0 | 0 | |a Education and globalization |
| 999 | |a 0000028700 |b Book |c International |e Business Information Centre | ||


